La Gauche et la Revolution francaise au milieu du XIXe siecle (Record no. 6392)

MARC details
000 -LEADER
campo de control de longitud fija 01064nam a2200277 i 4500
001 - NÚMERO DE CONTROL
campo de control 6392
003 - IDENTIFICADOR DE NÚMERO DE CONTROL
campo de control ES-MaACL
005 - FECHA Y HORA DE LA ÚLTIMA TRANSACCIÓN
campo de control 20250809063445.0
007 - CAMPO FIJO DE DESCRIPCIÓN FÍSICA--INFORMACIÓN GENERAL
campo de control de longitud fija t|
008 - DATOS DE LONGITUD FIJA--INFORMACIÓN GENERAL
campo de control de longitud fija 891009s1986 fr ||||1| fre d
020 ## - NÚMERO INTERNACIONAL ESTÁNDAR DEL LIBRO
Número Internacional Estándar del Libro 2-01-011407-8
080 ## - NÚMERO DE LA CLASIFICACIÓN DECIMAL UNIVERSAL
Número de la Clasificación Decimal Universal 9(44)"1789/1799"
080 ## - NÚMERO DE LA CLASIFICACIÓN DECIMAL UNIVERSAL
Número de la Clasificación Decimal Universal 90(44)"18"
100 1# - ENTRADA PRINCIPAL--NOMBRE DE PERSONA
Nombre de persona Furet, François,
Fechas asociadas al nombre 1927-1997
9 (RLIN) 53035
245 13 - MENCIÓN DEL TÍTULO
Título La Gauche et la Revolution francaise au milieu du XIXe siecle
Resto del título : Edgar Quinet et la question du Jacobinisme (1865-1870) /
Mención de responsabilidad, etc. Francois Furet ; textes presentes par Marina Valensise.
260 ## - PUBLICACIÓN, DISTRIBUCIÓN, ETC.
Lugar de publicación, distribución, etc. Paris :
Nombre del editor, distribuidor, etc. Hachette,
Fecha de publicación, distribución, etc. 1986.
300 ## - DESCRIPCIÓN FÍSICA
Extensión 17 p. ;
Dimensiones 23 cm.
490 1# - MENCIÓN DE SERIE
Mención de serie Librairie du Bicentenaire de la Revolution Francaise
600 14 - PUNTO DE ACCESO ADICIONAL DE MATERIA--NOMBRE DE PERSONA
Nombre de persona Quinet, Edgar,
Fechas asociadas al nombre 1803-1875
9 (RLIN) 94643
650 #4 - PUNTO DE ACCESO ADICIONAL DE MATERIA--TÉRMINO DE MATERIA
Término de materia o nombre geográfico como elemento de entrada Jacobinos-
Subdivisión geográfica Francia-
Subdivisión de forma Historia.
9 (RLIN) 13928
651 #4 - PUNTO DE ACCESO ADICIONAL DE MATERIA--NOMBRE GEOGRÁFICO
Nombre geográfico Francia-
Subdivisión general Historia-
Subdivisión cronológica 1789-1799, Revolución
9 (RLIN) 241176
700 1# - ENTRADA AGREGADA--NOMBRE PERSONAL
Nombre de persona Valensise, Marina.
9 (RLIN) 112588
830 0# - PUNTO DE ACCESO ADICIONAL DE SERIE-TÍTULO UNIFORME
Título uniforme Librairie du Bicentenaire de la Revolution Francaise
9 (RLIN) 177526
852 ## - LOCALIZACIÓN
Ubicación ES-MaACL
Número de control de estantería G-578
Sublocalización o colección R.117174
Nota libre . - rust.
Holdings
Estatus retirado Estado de pérdida Estado de daño No para préstamo Biblioteca de origen Biblioteca actual Ubicación en estantería Fecha de adquisición Fuente de adquisición Total de préstamos Signatura topográfica completa Código de barras Visto por última vez Precio de reemplazo Tipo de ítem Koha
        Biblioteca del Ateneo de Madrid Biblioteca del Ateneo de Madrid Depósito 2 17/01/2008     G-578 1006507 23/02/2023 23/02/2023 Libro impreso